00269nam a2200097Ia 4500008004000000082001300040100004200053245002800095260003500123300001300158210210b1970 xxu||||| |||| 00| 0 eng d a301 REYS aREYNOLDS (L T) & REYNOLDS (J M), Eds. aSociology of sociology. aNYbDavid Mckay Co. Inc.c1970 aviii,420